Villes d'Allemagne - mort subite - Statistiques

Statistiques générales
  • Ce quiz a été pris 1 651 fois
  • Le résultat moyen est 7 sur 16
Answers on the Grid
Answers color-coded by a green-red scale on the quiz's grid according to % correct below.
Berlin
Trêves
Wissembourg
Linz
Brunswick
Innsbruck
Constance
Diekirch
Aix-la-Chapelle
Brême
Dortmund
Stuttgart
Sarreguemines
Salzbourg
Hanovre
Schaffhouse
Graz
Dresde
Iéna
Klagenfurt
Mayence
Winterthour
Schiltigheim
Sarrebourg
Munich
Leipzig
Obernai
Schaan
Ratisbonne
Sarrebruck
 
Statistiques - réponses
Réponse % Correct
Berlin
99%
Munich
66%
Stuttgart
62%
Dortmund
61%
Leipzig
58%
Brême
54%
Aix-la-Chapelle
49%
Hanovre
47%
Dresde
45%
Mayence
44%
Sarrebruck
33%
Trêves
24%
Brunswick
21%
Constance
20%
Iéna
19%
Ratisbonne
16%
Aucun quiz correspondant
Distribution des résultats
% des personnes avec chaque résultat
Percentile par nombre de réponses
Votre historique - résultats
Vous n’avez pas pris ce quiz